[Event "Kalamata OSK op"]
[Site "Kalamata"]
[Date "2007.12.23"]
[Round "5"]
[White "Mantikos, Konstantinos"]
[Black "Spiropoulos, Panayotis"]
[Result "0-1"]
[WhiteElo "1684"]
[BlackElo "2069"]
[PlyCount "42"]
[EventDate "2007.12.21"]
[EventType "swiss"]
[EventRounds "5"]
[EventCountry "GRE"]
[SourceTitle "EXT 2024"]
[Source "ChessBase"]
[SourceDate "2023.10.10"]
[SourceVersion "1"]
[SourceVersionDate "2023.10.10"]
[SourceQuality "1"]

1. e4 c5 2. Nf3 a6 3. d4 cxd4 4. Nxd4 Nf6 5. Nc3 e5 6. Nb3 Bb4 7. Bd2 0-0 8. Bd3 Bxc3 9. Bxc3 d5 10. exd5 Nxd5 11. Bd2 e4 12. Bc4 e3 13. Bxe3 Nxe3 14. Qxd8 Nxc2+ 15. Kd1 Rxd8+ 16. Kxc2 Bf5+ 17. Kc3 b5 18. Rad1 Rc8 19. Nd4 Rxc4+ 20. Kb3 Nc6 21. Nxc6 Bc2+ 0-1